Les ordinateurs: structure et fonctionnement des systèmes informatiques
Na minha lista:
| Autor principal: | |
|---|---|
| Formato: | Livro |
| Idioma: | francês |
| Publicado em: |
París
CEDIC
1980
|
| Assuntos: | |
| Tags: |
Adicionar Tag
Sem tags, seja o primeiro a adicionar uma tag!
|
MARC
| LEADER | 00000nam a2200000 a 4500 | ||
|---|---|---|---|
| 001 | UCQ8559 | ||
| 003 | CL-VaPUC | ||
| 008 | 981210e19800000FR |||||||||||||||||fre|d | ||
| 082 | 0 | 4 | |a 004 |b MER |2 21 |
| 100 | |a Mercouroff, Wladimir |e autor |9 422577 | ||
| 245 | 1 | 4 | |a Les ordinateurs: structure et fonctionnement des systèmes informatiques |
| 300 | |a 146 p | ||
| 942 | |c BK | ||
| 945 | |d 19981210 00:00:00 |a cmena | ||
| 260 | |a París |b CEDIC |c 1980 | ||
| 650 | 0 | |a Computadores |9 258188 | |
| 650 | 7 | |a HARDWARE |2 CL-VaPUC |9 345461 | |
| 650 | 0 | |a Aplicaciones de computadores |9 260401 | |
| 650 | 0 | |a Sistemas de información |9 260286 | |
| 650 | 0 | |a Software |9 387312 | |
| 583 | |a last modification |c 19981210 00:00:00 |k Rodrigo Vera | ||
| 999 | |c 277780 |d 277778 | ||
| 952 | |0 0 |1 0 |4 0 |6 004_000000000000000_MER_1980 |7 0 |8 A |9 315981 |a BIBMAT |b BIBMAT |d 2019-11-20 |i 130688K |o 004 MER 1980 |p 130688K |r 2025-01-07 |w 2019-11-20 |y BK |k MAT | ||